Normal view
MARC view
- Shahzad Ahmed Farooq
Entry Personal Name
001 - CONTROL NUMBER
- control field: 106766
003 - CONTROL NUMBER IDENTIFIER
- control field: NUST
005 - DATE AND TIME OF LATEST TRANSACTION
- control field: 20230104153916.0
008 - FIXED-LENGTH DATA ELEMENTS
- fixed length control field: 230104|| aca||aabn | a|a d
040 ## - CATALOGING SOURCE
- Original cataloging agency: NUST
- Transcribing agency: NUST
100 ## - HEADING--PERSONAL NAME
- Personal name: Shahzad Ahmed Farooq
670 ## - SOURCE DATA FOUND
- Source citation: Work cat.: (NUST)13712: Shahzad Ahmed Farooq, Security in telesurgical systems, 2015
